Basic Electronics and Linear Circuits (Record no. 782)

MARC details
000 -LEADER
fixed length control field 00372nam a2200145Ia 4500
008 - FIXED-LENGTH DATA ELEMENTS--GENERAL INFORMATION
fixed length control field 191201s2005 xx 000 0 und d
082 ## - DEWEY DECIMAL CLASSIFICATION NUMBER
Classification number 621.3
Item number BHB
100 ## - MAIN ENTRY--PERSONAL NAME
Personal name BHARGAVA,N. N
245 #0 - TITLE STATEMENT
Title Basic Electronics and Linear Circuits
250 ## - EDITION STATEMENT
Edition statement 43rd Rep
260 ## - PUBLICATION, DISTRIBUTION, ETC. (IMPRINT)
Place of publication, distribution, etc N.Delhi
Name of publisher, distributor, etc Tata MC Grawhill pub co. Ltd
Date of publication, distribution, etc 2005
300 ## - PHYSICAL DESCRIPTION
Extent 490
650 ## - SUBJECT ADDED ENTRY--TOPICAL TERM
Topical term or geographic name as entry element B.Tech(ECE)
942 ## - ADDED ENTRY ELEMENTS (KOHA)
Source of classification or shelving scheme Dewey Decimal Classification
Koha item type Text Books
Holdings
Withdrawn status Lost status Source of classification or shelving scheme Damaged status Not for loan Collection code Home library Current library Date acquired Source of acquisition Cost, normal purchase price Bill Number Total Checkouts Full call number Acc. no. / Barcode Date last seen Bill Date Koha item type Date last borrowed
    Dewey Decimal Classification     B.Tech(ECE) PIET C-LIBRARY PIET C-LIBRARY 05/08/2006 M/s UBS Publishers, New Delhi 170.00 125420   621.381 BHB 32 04/12/2019 18/08/2005 Text Books  
    Dewey Decimal Classification     B.Tech(ECE) PIET C-LIBRARY PIET C-LIBRARY 05/08/2006 M/s UBS Publishers, New Delhi 170.00 125420   621.3 BHB 33 04/12/2019 18/08/2005 Text Books  
    Dewey Decimal Classification     B.Tech(ECE) PIET C-LIBRARY PIET C-LIBRARY 05/08/2006 M/s UBS Publishers, New Delhi 170.00 125420   621.3 BHB 34 04/12/2019 18/08/2005 Text Books  
    Dewey Decimal Classification     B.Tech(ECE) PIET C-LIBRARY PIET C-LIBRARY 05/08/2006 M/s UBS Publishers, New Delhi 170.00 125420 2 621.3 BHB 35 21/10/2022 18/08/2005 Text Books 11/10/2022
    Dewey Decimal Classification     B.Tech(ECE) PIET C-LIBRARY PIET C-LIBRARY 10/08/2006 UDH, Delhi 325.00 CM 4732 2 621.3 BHB 1227 21/05/2024 22/08/2005 Text Books 14/02/2024
    Dewey Decimal Classification     B.Tech(ECE) PIET C-LIBRARY PIET C-LIBRARY 11/08/2006 UDH, Delhi 175.00 CM 4732   621.381 BHB 1495 04/12/2019 22/08/2005 Text Books  
    Dewey Decimal Classification     B.Tech(ECE) PIET C-LIBRARY PIET C-LIBRARY 11/08/2006 UDH, Delhi 175.00 CM 4732   621.3 BHB 1496 04/12/2019 22/08/2005 Text Books  
    Dewey Decimal Classification     B.Tech(ECE) PIET C-LIBRARY PIET C-LIBRARY 11/08/2006 UDH, Delhi 175.00 CM 4732 1 621.3 BHB 1497 07/11/2022 22/08/2005 Text Books 21/10/2022

Design & Developed by: PIET Central Library
R70 Miles Stone Pattikalyana Samalkha Panipat 132102
mail ID :- [email protected], Phone No:- 0180-2569700 Ex.216